Les Empereurs Moghol depuis Babur - Statistiques

Statistiques générales
  • Ce quiz a été pris 10 fois
  • Le résultat moyen est 4 sur 18
Statistiques - réponses
Dates de Règne Empereur % Correct
1526 - 1530 Babur
86%
1556 - 1605 Akbar
57%
1530 - 1556 Humayun
57%
1658 - 1707 Aurangzeb
29%
1605 - 1627 Jahangir
29%
1628 - 1658 Shah Jahan
29%
1748 - 1754 Ahmad Shah Bahadur
14%
1806 - 1837 Akbar Shah II
14%
1754 - 1759 Alamgir II
14%
1837 - 1857 Bahadur Shah II
14%
1713 - 1719 Farrukhsiyar
14%
1712 - 1713 Jahandar Shah
14%
1719 - 1748 Muhammad Shah
14%
1760 - 1788 Shah Alam II
14%
1719 Shah Jahan II
14%
1759 Shah Jahan III
14%
1707 - 1712 Bahadur Shah I
0%
1719 Rafi Ul-Darjat
0%
Aucun quiz correspondant
Distribution des résultats
% des personnes avec chaque résultat
Percentile par nombre de réponses
Votre historique - résultats
Vous n’avez pas pris ce quiz